000
00187 a2200097 4500
001
12032
100
_a
Hewins, R
245
_a
Quising
260
_a
_b
W.H. Allen
_c
090
_c
9284
_d
9284
942
_a
NUST-CAE
_c
M
_c
36138
999
_c
247105
_d
247105